Responses for show #8377 - Tuesday, April 13, 2021

Champion's winnings & consolation amounts matched to the North Valley Community Foundation.

Contestants

[<< previous game]

Erick Loh, a pastor from Northridge, California

Norah Webster, a meeting planner from Chicago, Illinois

Dennis Chase, a biotech project manager originally from Hyannis, Massachusetts (whose 2-day cash winnings total $48,400)

[next game >>]

Jeopardy! Round responses

VICE PRESIDENTS
BATTERY LIFE
WESTERN U.S. CITIES
GOING STIR CRAZY
TITLE WAVES
FOSTERING "UNITY"
    $200 13
Alaska

Erick
    $200 18
mercury

Dennis
    $200 6
[Laughter when Aaron repeats the correct response with a Ron Burgundy-esque pronunciation.]

San Diego

Erick
    $200 11
chopsticks

Norah
    $200 1
the Yankees

Dennis
    $200 26
diplomatic immunity

Norah
    $400 14
(Spiro) Agnew

Dennis
    $400 19
AA

Erick
    $400 7
(Aaron: After John Jacob Astor.)

Astoria

Dennis
    $400 12
sour cream

Dennis
    $400 2
(Aaron: [Arms outstretched] [*].)
[Laughter]

Green Bay Packers

Triple Stumper
    $400 27
impunity

Norah
    $600 15
agriculture

Erick
    $600 20
nickel & cadmium

Dennis
    $1,200 8
Lake Tahoe

Dennis
    $600 23
a martini

Norah
    $600 3
(Aaron: Oh, you know that one, huh?)
[Laughter]

the Boston Celtics

Erick
    $600 28
Community Chest

Dennis
    $800 16
James Monroe

Triple Stumper
    $800 21
a 9-volt

Erick
    $800 9
Tacoma

Norah
    $800 24
risotto

Erick
    $800 4
the Edmonton Oilers

Dennis
    $800 29
opportunity

Erick
    $1000 17
(James) Buchanan

Erick
    $1000 22
lithium-ion

Erick
    $1000 10
(Norah: What is Tempe?)

Scottsdale

Norah
Triple Stumper
    $1000 25
a whisk

Dennis
    $1000 5
(Erick: Who are the Giants?)

the Oakland A's

DennisErick
    $1000 30
a national unity government

Triple Stumper

Scores at the first commercial break (after clue 15):

Dennis Norah Erick
$4,400 $0 $600

Scores at the end of the Jeopardy! Round:

Dennis Norah Erick
$6,800 $1,200 $5,400

Double Jeopardy! Round responses

ENGLAND
SCOTT LAND
WAILS
LITERARY CHARACTERS
MOVIE MUSICALS
ANIMAL WORDS & PHRASES
    $400 17
(Erick: What is Parliament?)
(Aaron: More specific.)
(Erick: Uh, the British Parliament?)

the House of Commons

DennisErick
    $400 11
Coretta Scott

Norah
    $400 26
blubber

Erick
    $400 21
Jane Eyre

Erick
    $400 6
The Rocky Horror Picture Show

Dennis
    $400 1
a canary

Erick
    $800 16
Manchester

Erick
    $800 12
(Aaron: That's [*], his brother Mark Kelly, senator of Arizona and once a second place Celebrity Jeopardy! finisher.)
[Laughter]

Scott Kelly

Triple Stumper
    $800 27
Bob Marley

Norah
    $800 22
(Sir) Lancelot

Erick
    $800 7
Fred Astaire

Norah
    $800 2
a molehill

Norah
    $1200 13
the Jurassic period

Triple Stumper
    $1200 18
Scott Joplin

Erick
    $4,000 28
(Aaron: Yes, by Allen Ginsberg.)

howl

Norah
    $1200 23
Boo Radley

Erick
    $1200 8
Moulin Rouge!

Erick
    $2,000 3
a toadstool

Norah
    $1600 14
St. Paul's

Erick
    $1600 19
Scott Turow

Dennis
    $1600 29
the Wailing Wall

Dennis
    $1600 24
Trainspotting

Norah
    $1600 9
Chitty Chitty Bang Bang

Erick
    $1600 4
crocodile tears

Erick
    $2000 15
(Dennis: What is Gaelic?)

Cornish

DennisNorah
    $2000 20
Winfield Scott

Erick
    $2000 30
A Streetcar Named Desire

Dennis
    $2000 25
Ulysses

Dennis
    $2000 10
Sweet Charity

Dennis
    $2000 5
the Golden Calf

Dennis

Scores at the end of the Double Jeopardy! Round:

Dennis Norah Erick
$16,800 $13,600 $18,200

[wagering suggestions for these scores]

Final Jeopardy! Round responses

ASTRONOMY
(Aaron: [To Erick] The [*] nebula is actually in the sword of the hunter.)
NorahWhat is Saggitarius Orion
$13,200
DennisWhat is Saggitarius?
$10,401
ErickWhat is Orion?
$2,800
Orion

Final scores:

Dennis Norah Erick
$6,399 $400 $21,000
2nd place: $2,000 3rd place: $1,000 New champion: $21,000

Game dynamics:

Coryat scores:

Dennis Norah Erick
$16,200 $10,000 $18,200
19 R
(including 1 DD),
1 W
13 R
(including 2 DDs),
1 W
22 R,
2 W

Combined Coryat: $44,400

The J! Archive is created by fans, for fans. The Jeopardy! game show and all elements thereof, including but not limited to copyright and trademark thereto, are the property of Jeopardy Productions, Inc. and are protected under law. This website is not affiliated with, sponsored by, or operated by Jeopardy Productions, Inc. Join the discussion at JBoard.tv.